|
|
|
|
| LEADER |
00000nam0a2200000 4500 |
| 001 |
187144 |
| 005 |
20231031173916.0 |
| 035 |
|
|
|a (RuTPU)RU\TPU\book\203068
|
| 090 |
|
|
|a 187144
|
| 100 |
|
|
|a 20101111d1954 m y0rusy50 ca
|
| 101 |
0 |
|
|a eng
|c rus
|
| 102 |
|
|
|a RU
|
| 105 |
|
|
|a a j 001zy
|
| 200 |
1 |
|
|a Russian
|e elementary course
|h Book I
|f N. F. Potapova
|
| 210 |
|
|
|a Москва
|c Foreign languages publishing house
|d 1954
|
| 215 |
|
|
|a 352с.
|c il.
|
| 320 |
|
|
|a Vocabulary: p. 329-346.
|
| 610 |
1 |
|
|a русский язык
|
| 610 |
1 |
|
|a русский язык для иностранцев
|
| 610 |
1 |
|
|a русский язык как иностранный
|
| 610 |
1 |
|
|a лексика
|
| 610 |
1 |
|
|a фонетика
|
| 610 |
1 |
|
|a грамматика
|
| 610 |
1 |
|
|a разговорная речь
|
| 610 |
1 |
|
|a упражнения
|
| 610 |
1 |
|
|a упражнения
|
| 686 |
|
|
|a Ш141.2-96
|v LBC/SL-A
|2 rubbk
|
| 700 |
|
1 |
|a Potapova
|b N. F.
|
| 801 |
|
1 |
|a RU
|b 63413507
|c 20101111
|
| 801 |
|
2 |
|a RU
|b 63413507
|c 20110201
|g RCR
|
| 942 |
|
|
|c BK
|